• 首页
  • 本馆介绍
  • 公告通知
  • 最新文献
  • 馆藏检索
  • 电子资源
  • 读者导购
  • 参考咨询
  • 我的图书馆
  • 登录
  • 详细信息显示
  • 放入我的书架
  • 预约/预借图书
  • 作者相关作品
  • 分类相关作品
  • 丛书相关作品
  • 出版社相关作品

书目信息

  • 表格格式
  • 工作单格式
  • 卡片格式
题名:
居民储蓄分析
    
 
作者: 魏杰
分册:  
出版信息: 北京   经济科学出版社  1995.11
页数: 244页
开本: 19cm
丛书名:
单 册:
中图分类: F832.22
科图分类:
主题词: 金融 , 银行
电子资源:
ISBN: 7-5058-0809-5
000 00530nam0 2200205 45
001 0308271045
005 20030827105640.5
010    @a7-5058-0809-5@dRMB10.00
100    @a20030827d1995 km y0chiy0120 ea
101    @achi
105    @a z 000yy
200 1  @a居民储蓄分析@Aju min chu xu fen xi@f魏杰@Fwei jie
210    @a北京@c经济科学出版社@d1995.11
215    @a244页@c无图表@d19cm
606 0  @a金融
606 0  @a银行
690    @aF832.22@v3
701  0 @a魏杰
801    @aCN@b@c20030827
905    @aBZT@dF832.22@e160/5.1
    
    居民储蓄分析/魏杰.-北京:经济科学出版社,1995.11
    244页:无图表;19cm
    
    
    ISBN 7-5058-0809-5:RMB10.00
    
●
相关链接 在五车中查询图书 在当当中查询图书 在豆瓣中查询图书


正题名:居民储蓄分析     索取号:F832.22/160/5.1         预约/预借

序号 登录号 条形码 馆藏地/架位号 状态 备注
山东省滨州职业学院图书馆 欢迎您!
大连网信软件有限公司© 版权所有